Top 10 languages in India - Statistics

General Stats
  • This quiz has been taken 38 times
  • The average score is 7 of 10
Answer Stats
Answer % Correct
Hindi
97%
Tamil
85%
Urdu
85%
Bengali
76%
Gujarati
73%
Telugu
67%
Marathi
64%
Kannada
58%
Malayalam
48%
Odia
39%
No matching quizzes found
Score Distribution
Percent of People with Each Score
Percentile by Number Answered
Your Score History
You have not taken this quiz